Salud reproductiva y migración nicaragüense en Costa Rica 1999-2000. Encuesta Nacional de Salud Reproductiva: resultados. II parte: Migrantes nicaragüenses en Costa Rica 2000: volumen, características y salud reproductiva /

Se utiliza la información sobre los hijos tenidos en los últimos 5 años por las entrevistadas en la ESRM99, para determinar la fecundidad relativa de las inmigrantes nicaragüenses en comparación con las mujeres costarricenses. Investiga la existencia de variaciones significativas en esta fecundidad...

Descripció completa

Guardat en:
Dades bibliogràfiques
Autor corporatiu: Universidad de Costa Rica. Facultad de Ciencias Económicas. Escuela de Estadística. Programa Centroamericano de Población, Universidad de Costa Rica. Instituto de Investigaciones en Salud
Format: Desconegut
Publicat: San José: UCR. FCE. EE. PCP. UCR. INISA
Matèries:
Etiquetes: Afegir etiqueta
Sense etiquetes, Sigues el primer a etiquetar aquest registre!

MARC

LEADER 00000 a2200000 04500
001 19122
003
008 991231s d
040
090 |a 145107  
110 |a Universidad de Costa Rica. Facultad de Ciencias Económicas. Escuela de Estadística. Programa Centroamericano de Población  
245 |a Salud reproductiva y migración nicaragüense en Costa Rica 1999-2000. Encuesta Nacional de Salud Reproductiva: resultados. II parte: Migrantes nicaragüenses en Costa Rica 2000: volumen, características y salud reproductiva /  |c Universidad de Costa Rica. Facultad de Ciencias Económicas. Escuela de Estadística. Programa Centroamericano de Población  
260 |a San José:   |b UCR. FCE. EE. PCP. UCR. INISA  
300 |a xii, 197 p.  
520 |a Se utiliza la información sobre los hijos tenidos en los últimos 5 años por las entrevistadas en la ESRM99, para determinar la fecundidad relativa de las inmigrantes nicaragüenses en comparación con las mujeres costarricenses. Investiga la existencia de variaciones significativas en esta fecundidad relativa, según edad, regiones geográficas y otras variables. Doc/PAG  
650 |a MIGRANTES  
650 |a INMIGRANTES  
650 |a FECUNDIDAD  
710 |a Universidad de Costa Rica. Instituto de Investigaciones en Salud  
999 |c 10646  |d 10646